00497 a2200181 450000100060000002000150000604000240002110000230004524000290006824500240009730000110012136200090013244000150014165000310015694200070018795201040019499900170029869754 a8528100901 cAnchieta - Itaigara aMachado, Ana Maria10aSeverino faz choverlpor10aSeverino faz chover a[20p.]0 a1994 1aSalamandra 4aLiteratura infanto-juvenil cBK 00104070a88.1b88.1d2023-11-21l0o028.5 MAC SEVp2444/ITAr2023-11-21 20:04:27w2023-11-21yBK c69754d69754